[Event "BL2-West 2122"]
[Site "Germany"]
[Date "2022.06.18"]
[Round "7.8"]
[White "Steinacker, Alex"]
[Black "Werner, Patrick"]
[Result "1-0"]
[WhiteElo "2300"]
[BlackElo "1887"]
[PlyCount "39"]
[EventDate "2022.03.05"]
[EventType "team-tourn"]
[EventRounds "10"]
[EventCountry "GER"]
[SourceTitle "EXT 2023"]
[Source "ChessBase"]
[SourceDate "2022.10.05"]
[SourceVersion "1"]
[SourceVersionDate "2022.10.05"]
[SourceQuality "1"]
[WhiteTeam "Koblenz"]
[BlackTeam "Dortmund Hansa"]
[WhiteTeamCountry "GER"]
[BlackTeamCountry "GER"]

1. g3 d5 2. Nf3 c6 3. Bg2 e6 4. 0-0 f5 5. d3 Nf6 6. Nbd2 Be7 7. Re1 0-0 8. e4 c5 9. exf5 exf5 10. Ne5 Nbd7 11. Ndf3 Ng4 12. Bf4 Ndxe5 13. Nxe5 Bf6 14. d4 c4 15. h3 g5 16. Bd2 Nh6 17. Qh5 Nf7 18. Bb4 Bxe5 19. Bxf8 Bxd4 20. Be7 1-0

[Event "Ruhrgebiet Verbandsklasse Gruppe 1 1415"]
[Site "Germany"]
[Date "2014.09.21"]
[Round "1.8"]
[White "Werner, Patrick"]
[Black "Ewers, Christian"]
[Result "1-0"]
[WhiteElo "1813"]
[BlackElo "1702"]
[PlyCount "69"]
[EventDate "2014.09.21"]
[EventType "team-tourn"]
[EventRounds "9"]
[EventCountry "GER"]
[SourceTitle "EXT 2022"]
[Source "ChessBase"]
[SourceDate "2021.10.06"]
[SourceVersion "1"]
[SourceVersionDate "2021.10.06"]
[SourceQuality "1"]
[WhiteTeam "Dortmund Hansa III"]
[BlackTeam "Mengede SG"]
[WhiteTeamCountry "GER"]
[BlackTeamCountry "GER"]

1. d4 Nf6 2. Nf3 g6 3. c4 c5 4. Nc3 Bg7 5. e4 cxd4 6. Nxd4 d6 7. Be2 0-0 8. 0-0 Nc6 9. Be3 e5 10. Ndb5 Ne8 11. c5 Be6 12. Nxd6 Qe7 13. Nxe8 Rfxe8 14. Nd5 Qd8 15. Qd2 Nd4 16. Bc4 Rc8 17. b4 b6 18. Ba6 Rb8 19. Bxd4 Bxd5 20. exd5 exd4 21. Bc4 a5 22. a3 b5 23. Ba2 d3 24. Rae1 axb4 25. axb4 Rxe1 26. Rxe1 Ra8 27. g3 Ra3 28. d6 Bc3 29. Qxd3 Bxb4 30. Bxf7+ Kxf7 31. Qd5+ Kf8 32. Re7 Ra1+ 33. Kg2 Qa8 34. Rf7+ Kg8 35. Rb7+ 1-0

[Event "NRW Verbandsklasse Group2 1314"]
[Site "Nordrheinwestfalen"]
[Date "2014.01.26"]
[Round "6.8"]
[White "Kuhaupt, Thomas"]
[Black "Werner, Patrick"]
[Result "1-0"]
[WhiteElo "1559"]
[BlackElo "1832"]
[PlyCount "43"]
[EventDate "2013.09.08"]
[EventType "team-tourn"]
[EventRounds "9"]
[EventCountry "GER"]
[SourceTitle "EXT 2020"]
[Source "ChessBase"]
[SourceDate "2019.10.17"]
[SourceVersion "1"]
[SourceVersionDate "2019.10.17"]
[SourceQuality "1"]
[WhiteTeam "Doppelbauer Brambauer II"]
[BlackTeam "Dortmund Hansa III"]
[WhiteTeamCountry "GER"]
[BlackTeamCountry "GER"]

1. Nf3 g6 2. c4 Bg7 3. d4 d6 4. Nc3 Nf6 5. g3 0-0 6. Bg2 Nc6 7. 0-0 a6 8. d5 Na5 9. Qd3 c5 10. Nd2 Bd7 11. a3 b5 12. b4 cxb4 13. axb4 Nxc4 14. Nxc4 bxc4 15. Qxc4 Rc8 16. Qb3 Nxd5 17. Bxd5 Bxc3 18. Rxa6 Bb5 19. Ra2 Qd7 20. Bh6 Rfd8 21. Bxf7+ Kh8 22. Be6 1-0

[Event "Ruhrgebiet Verbandsliga1 1213"]
[Site "Nordrheinwestfalen"]
[Date "2012.09.02"]
[Round "1.6"]
[White "Hochstein, Udo"]
[Black "Werner, Patrick"]
[Result "1-0"]
[WhiteElo "1905"]
[BlackElo "1844"]
[PlyCount "103"]
[EventDate "2012.09.02"]
[EventType "team-tourn"]
[EventRounds "9"]
[EventCountry "GER"]
[SourceTitle "EXT 2020"]
[Source "ChessBase"]
[SourceDate "2019.10.17"]
[SourceVersion "1"]
[SourceVersionDate "2019.10.17"]
[SourceQuality "1"]
[WhiteTeam "Bochum-Linden-Dahlhausen"]
[BlackTeam "Dortmund Hansa III"]
[WhiteTeamCountry "GER"]
[BlackTeamCountry "GER"]

1. d4 Nf6 2. c4 g6 3. Nc3 Bg7 4. e4 d6 5. f4 0-0 6. Nf3 c5 7. d5 Na6 8. Be2 Nc7 9. 0-0 a6 10. a4 b6 11. Qc2 Bd7 12. Bd2 Rb8 13. e5 Ng4 14. h3 Nh6 15. g4 b5 16. axb5 axb5 17. cxb5 Nxb5 18. Nxb5 Bxb5 19. Bxb5 Rxb5 20. Rad1 Qc8 21. Bc3 Nxg4 22. hxg4 Qxg4+ 23. Kf2 Qxf4 24. Bd2 Qg4 25. Rg1 Qd7 26. Bc3 Rfb8 27. Rge1 Rb3 28. Re2 Qh3 29. Qe4 dxe5 30. Nxe5 Bf6 31. Rh1 Qc8 32. Nc6 Rxc3 33. bxc3 Rb3 34. Rc2 Kg7 35. Qf4 Qd7 36. c4 h5 37. Re2 Rc3 38. Qe4 Qd6 39. Re3 Rxe3 40. Qxe3 e6 41. Qe4 exd5 42. cxd5 h4 43. Ke2 Qg3 44. Qf3 Qd6 45. Rf1 c4 46. Qf4 Qxf4 47. Rxf4 c3 48. d6 c2 49. Rc4 g5 50. Kf3 Kg6 51. Rxc2 Kh5 52. Rc5 1-0

[Event "Ruhrgebiet Verbandsliga2 1112"]
[Site "Nordrheinwestfalen"]
[Date "2011.10.09"]
[Round "2.2"]
[White "Frohne, Gerd"]
[Black "Werner, Patrick"]
[Result "1-0"]
[WhiteElo "2054"]
[BlackElo "1810"]
[PlyCount "125"]
[EventDate "2011.09.18"]
[EventType "team-tourn"]
[EventRounds "9"]
[EventCountry "GER"]
[SourceTitle "EXT 2020"]
[Source "ChessBase"]
[SourceDate "2019.10.17"]
[SourceVersion "1"]
[SourceVersionDate "2019.10.17"]
[SourceQuality "1"]
[WhiteTeam "Gladbeck SG"]
[BlackTeam "Dortmund Hansa IV"]
[WhiteTeamCountry "GER"]
[BlackTeamCountry "GER"]

1. d4 Nf6 2. c4 g6 3. Nc3 Bg7 4. e4 0-0 5. f3 d6 6. Be3 c6 7. Bd3 a6 8. Nge2 b5 9. c5 dxc5 10. dxc5 Qc7 11. 0-0 e5 12. Qc2 a5 13. a4 b4 14. Nb1 Be6 15. Nd2 Nh5 16. g3 Kh8 17. Nc4 f5 18. exf5 gxf5 19. Nd6 f4 20. Bd2 fxg3 21. hxg3 b3 22. Qc1 Bd5 23. Be4 Qd7 24. g4 Nf6 25. Bf5 Qa7 26. Ng3 Na6 27. Be3 Ne8 28. Nde4 Nb4 29. Qd2 Nc2 30. Rad1 Nc7 31. Qh2 Bg8 32. Ng5 Rxf5 33. Nxf5 Nxe3 34. Nxe3 Qxc5 35. Qf2 Bh6 36. Rc1 Qb6 37. f4 exf4 38. Qxf4 Nd5 39. Nf7+ Bxf7 40. Qxh6 Qa7 41. Rf3 Rg8 42. Kf2 Nxe3 43. Qxe3 Qxe3+ 44. Kxe3 Bd5 45. Rf4 Kg7 46. Rc5 Re8+ 47. Kd3 Ra8 48. Kc3 Kg6 49. Rf5 h6 50. Rfxd5 cxd5 51. Rxd5 Rc8+ 52. Kxb3 Rb8+ 53. Rb5 Ra8 54. Kc4 Ra7 55. b4 axb4 56. Kxb4 Ra8 57. a5 Ra7 58. Rd5 Rb7+ 59. Kc5 Rb1 60. a6 Rb2 61. a7 Ra2 62. Kb6 Kf6 63. Ra5 1-0

[Event "Oberliga Nord O 0708"]
[Site "Germany"]
[Date "2007.11.25"]
[Round "3.3"]
[White "Bubolz, Konstantin"]
[Black "Werner, Patrick"]
[Result "1-0"]
[WhiteElo "2110"]
[BlackElo "2335"]
[PlyCount "56"]
[EventDate "2007.10.21"]
[EventType "team-tourn"]
[EventRounds "9"]
[EventCountry "GER"]
[SourceTitle "EXT 2009"]
[Source "ChessBase"]
[SourceDate "2008.11.26"]
[SourceVersion "1"]
[SourceVersionDate "2008.11.26"]
[SourceQuality "1"]
[WhiteTeam "Koenig Tegel II"]
[BlackTeam "Pankow Rotation"]
[WhiteTeamCountry "GER"]
[BlackTeamCountry "GER"]

1. d4 Nf6 2. c4 g6 3. Nc3 d5 4. cxd5 Nxd5 5. e4 Nxc3 6. bxc3 Bg7 7. Bc4 c5 8. Ne2 cxd4 9. cxd4 0-0 10. 0-0 Nc6 11. Be3 Na5 12. Bd3 Bg4 13. f3 Be6 14. d5 Bxa1 15. Qxa1 f6 16. Bh6 Re8 17. Kh1 a6 18. Nf4 Bd7 19. e5 e6 20. Qd4 f5 21. g4 Bc6 22. gxf5 Bxd5 23. Qg1 exf5 24. Bxf5 Bf7 25. e6 Qf6 26. exf7+ Kxf7 27. Be4 Re5 28. Nd5 Qh4 1-0

[Event "Ruhrgebiet VK2 0708"]
[Site "Germany"]
[Date "2007.09.16"]
[Round "1.8"]
[White "Werner, Patrick"]
[Black "Kraus, Tanja"]
[Result "1/2-1/2"]
[WhiteElo "2335"]
[BlackElo "1962"]
[PlyCount "82"]
[EventDate "2007.09.16"]
[EventType "team"]
[EventRounds "9"]
[EventCountry "GER"]
[SourceTitle "EXT 2009"]
[Source "ChessBase"]
[SourceDate "2008.11.26"]
[SourceVersion "1"]
[SourceVersionDate "2008.11.26"]
[SourceQuality "1"]
[WhiteTeam "Dortmund Hansa III"]
[BlackTeam "Wattenscheid IV"]
[WhiteTeamCountry "GER"]
[BlackTeamCountry "GER"]

1. e4 Nf6 2. e5 Nd5 3. Nc3 e6 4. Nxd5 exd5 5. d4 d6 6. Nf3 dxe5 7. dxe5 Bg4 8. Bf4 c6 9. Bd3 Bc5 10. c3 Nd7 11. Qc2 h5 12. 0-0-0 Bxf3 13. gxf3 g5 14. e6 fxe6 15. Bg6+ Kf8 16. Bd2 Ne5 17. f4 gxf4 18. Bxf4 Qf6 19. Bxe5 Qxe5 20. f4 Qf6 21. f5 e5 22. Rde1 b5 23. a4 Rb8 24. b4 Bd6 25. axb5 Rxb5 26. Qa2 e4 27. Kc2 a5 28. bxa5 Rc5 29. Qb3 Rxa5 30. Ra1 Rxa1 31. Rxa1 Qh4 32. Ra8+ Kg7 33. Qb7+ Qe7 34. Rxh8 Kxh8 35. Qxc6 e3 36. Qe8+ Qxe8 37. Bxe8 Bxh2 38. Bxh5 Kg7 39. Kd3 Be5 40. Bf3 Kf6 41. Bxd5 Kxf5 1/2-1/2

[Event "Dortmund Sparkassen op-B"]
[Site "Dortmund"]
[Date "2006.08.05"]
[Round "8"]
[White "Werner, Patrick"]
[Black "Rohsiepe, Sebastian"]
[Result "0-1"]
[WhiteElo "1659"]
[BlackElo "1567"]
[PlyCount "63"]
[EventDate "2006.07.28"]
[EventType "swiss"]
[EventRounds "9"]
[EventCountry "GER"]
[SourceTitle "CBM 113 Extra"]
[Source "ChessBase"]
[SourceDate "2006.09.14"]
[SourceVersion "1"]
[SourceVersionDate "2006.09.14"]
[SourceQuality "1"]

1. e4 e5 2. Nf3 Nc6 3. Bb5 a6 4. Ba4 Nf6 5. 0-0 d6 6. Re1 Be7 7. h3 Bd7 8. c3 0-0 9. d4 Qc8 10. Nbd2 exd4 11. cxd4 h6 12. Nf1 Nh5 13. N3h2 Nf6 14. f4 Nh7 15. f5 b5 16. Bc2 Bf6 17. Nf3 Re8 18. Bf4 Qd8 19. a3 Ng5 20. N1h2 Kh8 21. Qd3 Nxf3+ 22. Nxf3 Ne7 23. Qb3 Nc6 24. e5 Nxd4 25. Nxd4 dxe5 26. Be4 exf4 27. Nc6 Bxc6 28. Bxc6 Qd4+ 29. Kh1 Rf8 30. Rad1 Qxb2 31. Qd3 Qc3 32. Qd7 0-1

[Event "Dortmund Sparkassen op-B"]
[Site "Dortmund"]
[Date "2006.07.28"]
[Round "2"]
[White "Werner, Patrick"]
[Black "Brandhorst, Matthias"]
[Result "1-0"]
[WhiteElo "1659"]
[BlackElo "1283"]
[PlyCount "61"]
[EventDate "2006.07.28"]
[EventType "swiss"]
[EventRounds "9"]
[EventCountry "GER"]
[SourceTitle "CBM 113 Extra"]
[Source "ChessBase"]
[SourceDate "2006.09.14"]
[SourceVersion "1"]
[SourceVersionDate "2006.09.14"]
[SourceQuality "1"]

1. Nf3 Nf6 2. g3 g6 3. Bg2 Bg7 4. 0-0 0-0 5. c4 d6 6. d4 Nbd7 7. Nc3 e5 8. e4 b6 9. d5 Nc5 10. Re1 Ne8 11. b4 Nb7 12. Rb1 f5 13. Ng5 f4 14. Ne6 Bxe6 15. dxe6 Qe7 16. Nd5 Qxe6 17. gxf4 c6 18. f5 gxf5 19. exf5 Qf7 20. Bg5 Kh8 21. Ne7 Bf6 22. Bxf6+ Qxf6 23. Nxc6 Qxf5 24. Ne7 Qxf2+ 25. Kh1 Qf7 26. Bxb7 Rb8 27. Nc6 Qxb7 28. Qd5 Rc8 29. b5 Rf4 30. Rg1 Qf7 31. Ne7 1-0

[Event "Dortmund op"]
[Site "Dortmund"]
[Date "2006.03.21"]
[Round "8.9"]
[White "Gorzinski, Dariusz"]
[Black "Werner, Patrick"]
[Result "1-0"]
[WhiteElo "1830"]
[BlackElo "1691"]
[PlyCount "58"]
[EventDate "2006.03.06"]
[EventType "swiss"]
[EventRounds "9"]
[EventCountry "GER"]
[SourceTitle "CBM 111 Extra"]
[Source "ChessBase"]
[SourceDate "2006.05.09"]
[SourceVersion "1"]
[SourceVersionDate "2006.05.09"]
[SourceQuality "1"]

1. c4 Nf6 2. g3 g6 3. Bg2 Bg7 4. Nc3 0-0 5. e4 d6 6. Nge2 c6 7. 0-0 e5 8. d3 Nbd7 9. h3 a5 10. Be3 Ne8 11. f4 Nc7 12. f5 g5 13. Qd2 h6 14. h4 Bf6 15. g4 Ne8 16. Kf2 gxh4 17. Bxh6 Kh7 18. g5 Bg7 19. Rh1 Bxh6 20. Rxh4 Kg7 21. Rxh6 Rh8 22. Rah1 Rxh6 23. Rxh6 Nc5 24. f6+ Kg8 25. Ng3 Qb6 26. Kf1 Nxd3 27. Qxd3 Qxb2 28. Nge2 Bg4 29. Bf3 Qc1+ 1-0

[Event "Dortmund op"]
[Site "Dortmund"]
[Date "2006.03.14"]
[Round "5.9"]
[White "Borjini, Mohamed"]
[Black "Werner, Patrick"]
[Result "1-0"]
[WhiteElo "1979"]
[BlackElo "1691"]
[PlyCount "73"]
[EventDate "2006.03.06"]
[EventType "swiss"]
[EventRounds "9"]
[EventCountry "GER"]
[SourceTitle "CBM 111 Extra"]
[Source "ChessBase"]
[SourceDate "2006.05.09"]
[SourceVersion "1"]
[SourceVersionDate "2006.05.09"]
[SourceQuality "1"]

1. e4 c5 2. Nf3 d6 3. d4 cxd4 4. Nxd4 Nf6 5. Nc3 a6 6. Bg5 e6 7. Qd2 Be7 8. 0-0-0 b5 9. a3 Qc7 10. f3 Nbd7 11. f4 Bb7 12. Bd3 Nb6 13. Rhe1 Nc4 14. Bxc4 bxc4 15. e5 dxe5 16. fxe5 Nd5 17. Bxe7 Nxe7 18. Ndb5 axb5 19. Nxb5 Qb6 20. Nd6+ Kf8 21. Nxb7 Nd5 22. Nd6 c3 23. bxc3 Rxa3 24. Qd4 Qc6 25. c4 Qa4 26. Qc5 Ne7 27. Nc8 Ra1+ 28. Kd2 Rxd1+ 29. Rxd1 Qd7+ 30. Nd6 Qc6 31. Qa5 Qxg2+ 32. Kc3 g6 33. Qd8+ Kg7 34. Qxe7 Rf8 35. Ne8+ Kg8 36. Rd8 Qf3+ 37. Kb2 1-0

[Event "Dortmund op-B"]
[Site "Dortmund"]
[Date "2005.07.17"]
[Round "9"]
[White "Kolleck, Wolf Dietrich"]
[Black "Werner, Patrick"]
[Result "0-1"]
[WhiteElo "1601"]
[BlackElo "1470"]
[PlyCount "74"]
[EventDate "2005.07.08"]
[EventType "swiss"]
[EventRounds "9"]
[EventCountry "GER"]
[SourceTitle "CBM 107 Extra"]
[Source "ChessBase"]
[SourceDate "2005.09.01"]
[SourceVersion "1"]
[SourceVersionDate "2005.09.01"]
[SourceQuality "1"]

1. e4 e6 2. d4 d5 3. Nd2 Nf6 4. e5 Nfd7 5. Bd3 c5 6. c3 Nc6 7. Ne2 cxd4 8. cxd4 Qb6 9. Nf3 Be7 10. 0-0 0-0 11. b3 f6 12. Be3 fxe5 13. dxe5 Bc5 14. Bxh7+ Kxh7 15. Ng5+ Kg8 16. Nd4 Nxd4 17. Qh5 Rf4 18. Qh7+ Kf8 19. Qh8+ Ke7 20. Qxg7+ Kd8 21. Bxd4 Bxd4 22. Rac1 Bxe5 23. Qg8+ Rf8 24. Nxe6+ Ke7 25. Nxf8 Nxf8 26. Qxd5 Qd6 27. Qf3 Bxh2+ 28. Kh1 Be5 29. g3 Bd7 30. Qh5 Qd5+ 31. Kg1 Bc6 32. Qh4+ Bf6 33. Rfe1+ Kf7 34. Qc4 Qxc4 35. Rxc4 Ne6 36. a4 Rh8 37. Kf1 Bf3 0-1

[Event "Dortmund op-B"]
[Site "Dortmund"]
[Date "2005.07.09"]
[Round "2"]
[White "Werner, Patrick"]
[Black "Matiaske, Wenzel"]
[Result "1-0"]
[WhiteElo "1470"]
[BlackElo "1100"]
[PlyCount "41"]
[EventDate "2005.07.08"]
[EventType "swiss"]
[EventRounds "9"]
[EventCountry "GER"]
[SourceTitle "CBM 107 Extra"]
[Source "ChessBase"]
[SourceDate "2005.09.01"]
[SourceVersion "1"]
[SourceVersionDate "2005.09.01"]
[SourceQuality "1"]

1. e4 e5 2. Bc4 Nf6 3. d3 d6 4. Nc3 Nc6 5. Nge2 g6 6. 0-0 Bg7 7. Bg5 0-0 8. Qd2 Qe8 9. f4 exf4 10. Bxf6 Bxf6 11. Nd5 Qd8 12. Nxf6+ Qxf6 13. Nxf4 Qxb2 14. Nd5 Qd4+ 15. Kh1 Bd7 16. Nf6+ Kg7 17. Nxd7 Rfd8 18. Rxf7+ Kh8 19. Raf1 Ne5 20. Nxe5 Qxe5 21. Qh6 1-0

[Event "Dortmund ABC Serie A-23"]
[Site "Dortmund"]
[Date "2005.05.13"]
[Round "7"]
[White "Gegner, Michael"]
[Black "Werner, Patrick"]
[Result "0-1"]
[WhiteElo "1466"]
[BlackElo "1471"]
[PlyCount "24"]
[EventDate "2005.04.13"]
[EventType "tourn"]
[EventRounds "13"]
[EventCountry "GER"]
[SourceTitle "EXT 2007"]
[Source "ChessBase"]
[SourceDate "2006.11.23"]
[SourceVersion "1"]
[SourceVersionDate "2006.11.23"]
[SourceQuality "1"]

1. d4 d5 2. e4 e6 3. e5 c5 4. c3 Nc6 5. Nf3 Qb6 6. Bd3 Bd7 7. Bc2 cxd4 8. cxd4 Bb4+ 9. Nc3 Bxc3+ 10. bxc3 Nge7 11. 0-0 Na5 12. Qd3 Bb5 0-1

[Event "Dortmund ABC Serie A-23"]
[Site "Dortmund"]
[Date "2005.05.06"]
[Round "6"]
[White "Werner, Patrick"]
[Black "Krueger, Inge"]
[Result "1-0"]
[WhiteElo "1471"]
[BlackElo "1336"]
[PlyCount "53"]
[EventDate "2005.04.13"]
[EventType "tourn"]
[EventRounds "13"]
[EventCountry "GER"]
[SourceTitle "EXT 2007"]
[Source "ChessBase"]
[SourceDate "2006.11.23"]
[SourceVersion "1"]
[SourceVersionDate "2006.11.23"]
[SourceQuality "1"]

1. e4 e6 2. d4 d5 3. Nd2 c5 4. Ngf3 Nf6 5. exd5 Nxd5 6. c3 cxd4 7. Nxd4 Be7 8. Bd3 Nf6 9. N2f3 0-0 10. 0-0 Nbd7 11. Re1 h6 12. Bf4 Nc5 13. Bc2 Bd6 14. Bxd6 Qxd6 15. Qe2 Bd7 16. Rad1 Qb6 17. Ne5 Qxb2 18. Bh7+ Nxh7 19. Qxb2 Ba4 20. Nb3 b6 21. Rd4 Bxb3 22. axb3 a5 23. Nd7 Nxd7 24. Rxd7 Nf6 25. Rb7 Nd5 26. c4 Nb4 27. Rd1 1-0

[Event "Dortmund ABC Serie A-23"]
[Site "Dortmund"]
[Date "2005.04.27"]
[Round "4"]
[White "Werner, Patrick"]
[Black "Ruchay, Dieter"]
[Result "1/2-1/2"]
[WhiteElo "1471"]
[BlackElo "1426"]
[PlyCount "108"]
[EventDate "2005.04.13"]
[EventType "tourn"]
[EventRounds "13"]
[EventCountry "GER"]
[SourceTitle "EXT 2007"]
[Source "ChessBase"]
[SourceDate "2006.11.23"]
[SourceVersion "1"]
[SourceVersionDate "2006.11.23"]
[SourceQuality "1"]

1. e4 c5 2. Nf3 d6 3. d4 cxd4 4. Nxd4 Nf6 5. Nc3 a6 6. Be2 e5 7. Nb3 b5 8. Be3 Bb7 9. f3 Be7 10. a3 Nbd7 11. 0-0 Rc8 12. Qd2 0-0 13. Rfd1 Qc7 14. Nc1 Rfd8 15. N1a2 Nb6 16. Rac1 d5 17. exd5 Nbxd5 18. Bg5 Bc5+ 19. Kh1 Ne3 20. Qe1 Rxd1 21. Nxd1 Nfd5 22. c4 bxc4 23. Nxe3 Bxe3 24. Rxc4 Qb6 25. Rxc8+ Bxc8 26. Bxe3 Qxe3 27. Qd1 Qd4 28. Qxd4 exd4 29. Kg1 Kf8 30. Kf2 Ke7 31. g3 a5 32. Nc1 Bf5 33. Nb3 d3 34. Bd1 Kd6 35. Nxa5 Kc5 36. Nb3+ Kc4 37. Nd2+ Kd4 38. Ke1 Ne3 39. Nf1 Nxf1 40. Kxf1 Ke3 41. Ke1 d2+ 42. Kf1 Bd3+ 43. Kg2 Be2 44. Bc2 d1Q 45. Bxd1 Bxd1 46. b4 Ba4 47. f4 Bc6+ 48. Kh3 Kf3 49. Kh4 f5 50. Kg5 Ke4 51. h4 g6 52. h5 gxh5 53. Kxh5 Kf3 54. Kh4 h6 1/2-1/2

[Event "Dortmund-ch"]
[Site "Dortmund"]
[Date "2005.02.28"]
[Round "1"]
[White "Kleymann, Jelena"]
[Black "Werner, Patrick"]
[Result "1-0"]
[WhiteElo "1848"]
[BlackElo "1425"]
[PlyCount "63"]
[EventDate "2005.02.28"]
[EventType "swiss"]
[EventRounds "9"]
[EventCountry "GER"]
[SourceTitle "CBM 105 Extra"]
[Source "ChessBase"]
[SourceDate "2005.05.01"]
[SourceVersion "1"]
[SourceVersionDate "2005.05.01"]
[SourceQuality "1"]

1. e4 c5 2. Nf3 d6 3. Bb5+ Bd7 4. Bxd7+ Qxd7 5. 0-0 Nc6 6. d4 cxd4 7. Nxd4 Nf6 8. Nc3 a6 9. a4 g6 10. Nb3 Bg7 11. f4 0-0 12. a5 Rad8 13. Be3 Ng4 14. Bb6 Bxc3 15. bxc3 Rde8 16. Qd3 Nf6 17. Rad1 Qc8 18. Rf3 Nd7 19. Be3 Qc7 20. Ra1 Rc8 21. Rh3 f5 22. Qd5+ Kg7 23. e5 dxe5 24. fxe5 f4 25. Bd4 Ndxe5 26. Nc5 Rf6 27. Ne6+ Rxe6 28. Qxe6 Qd6 29. Bxe5+ Nxe5 30. Qxc8 f3 31. Rf1 fxg2 32. Qf8# 1-0

[Event "JBLN Ost 9394"]
[Site "Germany"]
[Date "1994.??.??"]
[Round "4"]
[White "Slobodjan, Roman"]
[Black "Werner, Patrick"]
[Result "1/2-1/2"]
[WhiteElo "2440"]
[BlackElo "2340"]
[PlyCount "85"]
[EventDate "1993.??.??"]
[EventType "team"]
[EventRounds "9"]
[EventCountry "GER"]
[SourceTitle "EXT 2002"]
[Source "ChessBase"]
[SourceDate "2001.11.25"]
[SourceVersion "1"]
[SourceVersionDate "2001.11.25"]
[SourceQuality "1"]

1. e4 e6 2. d4 d5 3. Nc3 Bb4 4. e5 Ne7 5. a3 Bxc3+ 6. bxc3 c5 7. h4 Qa5 8. Bd2 cxd4 9. cxd4 Qa4 10. Nf3 Nbc6 11. h5 Nxd4 12. Bd3 h6 13. Kf1 Ndc6 14. Rh4 d4 15. Qb1 b6 16. Rg4 Ba6 17. Rxg7 Bxd3+ 18. cxd3 Nf5 19. Rg4 0-0-0 20. Rf4 Rh7 21. Qb2 Rd5 22. Rc1 Kb7 23. Rc4 Qd1+ 24. Ne1 Nxe5 25. Qc2 Qxc2 26. Rxc2 Rg7 27. g3 Ng4 28. Nf3 Nf6 29. Nh4 Nxh5 30. Nxf5 Rxf5 31. Rxf5 exf5 32. Rc4 Rg4 33. Bxh6 Rg6 34. Bf8 f4 35. g4 Rxg4 36. Rxd4 Kc6 37. Rd6+ Kc7 38. Rd5 Ng7 39. Bxg7 Rxg7 40. Rf5 Kd6 41. Rxf4 Ke5 42. Re4+ Kd6 43. Rd4+ 1/2-1/2

[Event "JBLN Ost 9394"]
[Site "Germany"]
[Date "1994.??.??"]
[Round "6"]
[White "Werner, Patrick"]
[Black "Hetey, Laszlo"]
[Result "0-1"]
[WhiteElo "2340"]
[BlackElo "2275"]
[PlyCount "70"]
[EventDate "1993.??.??"]
[EventType "team"]
[EventRounds "9"]
[EventCountry "GER"]
[SourceTitle "EXT 2002"]
[Source "ChessBase"]
[SourceDate "2001.11.25"]
[SourceVersion "1"]
[SourceVersionDate "2001.11.25"]
[SourceQuality "1"]

1. e4 c5 2. d3 Nc6 3. g3 g6 4. Bg2 Bg7 5. f4 e6 6. c3 d5 7. Nf3 dxe4 8. dxe4 Qxd1+ 9. Kxd1 e5 10. Nbd2 Nf6 11. Re1 0-0 12. Kc2 exf4 13. gxf4 Re8 14. Ng1 Be6 15. Ne2 Ng4 16. Nf1 Rad8 17. h3 Nf2 18. Be3 Nd3 19. Red1 Bc4 20. Bf3 a5 21. Bg1 Ndb4+ 22. cxb4 Nxb4+ 23. Kc1 Rxd1+ 24. Kxd1 Bxb2 25. Rb1 Rd8+ 26. Nd2 Ba3 27. Bxc5 Bxa2 28. Bxb4 axb4 29. Ra1 b3 30. Nc3 Bb2 31. Rxa2 Bxc3 32. Ra7 Rxd2+ 33. Kc1 Rc2+ 34. Kb1 Rb2+ 35. Kc1 Ra2 0-1

[Event "JBLN Ost 9293"]
[Site "Germany"]
[Date "1993.??.??"]
[Round "?"]
[White "Hetey, Laszlo"]
[Black "Werner, Patrick"]
[Result "1-0"]
[WhiteElo "2285"]
[BlackElo "2335"]
[PlyCount "69"]
[EventDate "1992.??.??"]
[EventType "team"]
[EventRounds "9"]
[EventCountry "GER"]
[SourceTitle "EXT 2002"]
[Source "ChessBase"]
[SourceDate "2001.11.25"]
[SourceVersion "1"]
[SourceVersionDate "2001.11.25"]
[SourceQuality "1"]

1. e4 e6 2. d4 d5 3. Nd2 Nf6 4. e5 Nfd7 5. f4 c5 6. Ndf3 Nc6 7. c3 Qb6 8. Ne2 f6 9. g3 cxd4 10. Nexd4 Nxd4 11. cxd4 fxe5 12. fxe5 Bb4+ 13. Kf2 Nf8 14. Bh3 Bd7 15. Kg2 h6 16. Be3 0-0-0 17. Rf1 Kb8 18. Rc1 Be8 19. Rf2 Be7 20. Qe1 g5 21. Kh1 Bg6 22. Bd2 Rc8 23. Rxc8+ Kxc8 24. Ba5 Qc6 25. Bb4 Bxb4 26. Qxb4 Nd7 27. Kg2 Rf8 28. Qe7 Bf5 29. Bxf5 Rxf5 30. Qh7 Nf8 31. Qxh6 Qc4 32. g4 Rf7 33. Qxg5 Qd3 34. Qd2 Rxf3 35. Qc1+ 1-0

[Event "Budapest FS07 IM-B"]
[Site "Budapest"]
[Date "1993.??.??"]
[Round "9"]
[White "Werner, Patrick"]
[Black "Dobos, Jozsef"]
[Result "1/2-1/2"]
[WhiteElo "2335"]
[BlackElo "2350"]
[PlyCount "89"]
[EventDate "1993.07.??"]
[EventType "tourn"]
[EventRounds "11"]
[EventCountry "HUN"]
[EventCategory "2"]
[SourceTitle "EXT 1997"]
[Source "ChessBase"]
[SourceDate "1996.11.15"]
[SourceVersion "1"]
[SourceVersionDate "1996.11.15"]
[SourceQuality "1"]

1. e4 c5 2. c3 d6 3. d4 Nf6 4. dxc5 Nc6 5. Bc4 Nxe4 6. Bxf7+ Kxf7 7. Qh5+ g6 8. Qd5+ Kg7 9. Qxe4 e5 10. cxd6 Qxd6 11. Ne2 Bf5 12. Qe3 Bd3 13. Nd2 Qd5 14. Nf3 Bc5 15. Qh6+ Kg8 16. Bg5 Rf8 17. Be3 Bxe2 18. Kxe2 e4 19. Nd2 Rxf2+ 20. Bxf2 Qd3+ 21. Ke1 e3 22. Ne4 Qxe4 23. Bxe3 Bxe3 24. Qh3 Bc5+ 25. Kd2 Kg7 26. Rae1 Rd8+ 27. Kc1 Qc4 28. Kb1 Qd3+ 29. Qxd3 Rxd3 30. Kc2 Rd7 31. Rd1 Re7 32. Rhe1 Rxe1 33. Rxe1 Kf6 34. b4 Bd6 35. h3 Ne5 36. Kb3 b5 37. a4 a6 38. axb5 axb5 39. Ra1 Nc4 40. Ra7 Be7 41. Kc2 h5 42. Kd3 Ke6 43. Rb7 Nd6 44. Rb8 Bf6 45. g4 1/2-1/2